00682cpcaa2200205 4500001001300000003000400013005001700017008004100034010001700075040002400092072001200116100002500128245007700153300001300230506002200243546003600265580005700301700010100358999001700459mm 79004377 DLC20260227111646.0790130|||||||||||| eng  amm 79004377  aDLCcDLCedacsdDLC 7aC2lcmd1 aBrinsmade, Daniel N.00aDaniel N. Brinsmade and D. Sherman Brinsmade receipted pay order,f1777. a1fitem.0 aOpen to research. aCollection material in English. aForms part of: Miscellaneous Manuscripts collection.1 aBrinsmade, D. Sherman.tDaniel N. Brinsmade and D. Sherman Brinsmade receipted pay order.f1777. c41505d41505